El Papel histórico del socialismo democrático en Guatemala

Guardado en:
Bibliografiske detaljer
Institution som forfatter: Partido Socialista Democrático (Guatemala)
Format: Texto
Udgivet: La Catalina, Heredia: CEDAL
Tags: Tilføj Tag
Ingen Tags, Vær først til at tagge denne postø!

MARC

LEADER 00000 a a2200000 04500
001 15499
003
040
090 |a 020500  
110 |a Partido Socialista Democrático (Guatemala)  
245 |a El Papel histórico del socialismo democrático en Guatemala  
260 |a La Catalina, Heredia:   |b CEDAL  
300 |a 8 p.  
999 |c 2430  |d 2430